| 000 | 00479 a2200169 4500 | ||
|---|---|---|---|
| 003 | OSt | ||
| 005 | 20231109120759.0 | ||
| 008 | 231109b |||||||| |||| 00| 0 eng d | ||
| 020 | _a9789392455155 | ||
| 040 | _coclc | ||
| 082 |
_a954.83 _bMAT/C |
||
| 100 |
_aKalam, Abul _92600 |
||
| 245 |
_aCherumbile cheruthunilpukal / _cAbdul Kalam Mattummal |
||
| 260 |
_aKerala: _bGrace, _c2021. |
||
| 300 | _a113p | ||
| 942 |
_2ddc _cBK _h954.83 _iMAT/C _k954.83 _mMAT/C |
||
| 999 |
_c42990 _d42990 |
||